[Event "Winnipeg Divinsky Memorial"]
[Site "Winnipeg"]
[Date "2019.04.23"]
[Round "4.4"]
[White "MacPherson, Al"]
[Black "Crawford, Gary"]
[Result "1/2-1/2"]
[WhiteElo "1688"]
[BlackElo "1584"]
[PlyCount "98"]
[EventDate "2019.04.02"]
[EventType "swiss"]
[EventRounds "4"]
[EventCountry "CAN"]
[SourceTitle "EXT 2022"]
[Source "ChessBase"]
[SourceDate "2021.10.06"]
[SourceVersion "1"]
[SourceVersionDate "2021.10.06"]
[SourceQuality "1"]

1. d4 Nf6 2. c4 e6 3. Nc3 b6 4. e4 Bb7 5. Bd3 d6 6. Nge2 Nbd7 7. Ng3 g6 8. 0-0 Bg7 9. f4 Qe7 10. e5 dxe5 11. fxe5 Ng8 12. Nb5 Nb8 13. Qe1 a6 14. Nc3 Nc6 15. Qf2 f6 16. Be4 0-0-0 17. Bxc6 Bxc6 18. exf6 Qxf6 19. Qe2 Qxd4+ 20. Be3 Qxe3+ 21. Qxe3 Bd4 22. Qxd4 Rxd4 23. Rad1 Rxd1 24. Rxd1 Nf6 25. Rf1 Nd7 26. Nge4 b5 27. Ng5 e5 28. cxb5 axb5 29. b4 h6 30. Nge4 Bxe4 31. Nxe4 Rf8 32. Rc1 Rf4 33. Nd6+ Kb8 34. Nxb5 Rxb4 35. Nxc7 Ra4 36. Rc2 Nb6 37. Ne6 Rc4 38. Rb2 Ka7 39. Nf8 g5 40. Ng6 e4 41. Ne5 Rc7 42. Ng4 Rc6 43. Ne5 Re6 44. Ng4 e3 45. Kf1 h5 46. Nxe3 Rxe3 47. Rb5 Re6 48. Rxg5 Rh6 49. a4 Ka6 1/2-1/2

[Event "Winnipeg Kaptsan Memorial"]
[Site "Winnipeg"]
[Date "2018.11.17"]
[Round "2.4"]
[White "Crawford, Gary"]
[Black "Trueman, Francis"]
[Result "1-0"]
[WhiteElo "1495"]
[BlackElo "1381"]
[PlyCount "75"]
[EventDate "2018.11.17"]
[EventType "swiss"]
[EventRounds "5"]
[EventCountry "CAN"]
[SourceTitle "EXT 2023"]
[Source "ChessBase"]
[SourceDate "2022.10.05"]
[SourceVersion "1"]
[SourceVersionDate "2022.10.05"]
[SourceQuality "1"]

1. e4 d6 2. Nf3 Nf6 3. Nc3 g6 4. h3 Bg7 5. d4 0-0 6. Bc4 h6 7. Be3 a5 8. Qd2 Kh7 9. 0-0-0 Bd7 10. a3 a4 11. e5 Ne8 12. Rdg1 f6 13. exf6 Nxf6 14. Ne2 Nc6 15. Bd3 Be8 16. g4 Nd5 17. Nh4 Nxe3 18. fxe3 e5 19. Bxg6+ Bxg6 20. Nxg6 Kxg6 21. Qd3+ Kf7 22. Qf5+ Kg8 23. Qe6+ Kh8 24. h4 Rf6 25. Qd5 Ra5 26. Qg2 Qf8 27. Kd1 Rf2 28. Qh3 Rf3 29. Rg3 Rxg3 30. Qxg3 exd4 31. g5 Be5 32. Nf4 dxe3 33. Ng6+ Kh7 34. Nxf8+ Kg7 35. Ne6+ Kh7 36. g6+ Kg8 37. Qf3 Rd5+ 38. Kc1 1-0

[Event "Winnipeg Shpan Memorial"]
[Site "Winnipeg"]
[Date "2011.11.15"]
[Round "3"]
[White "Crawford, Gary"]
[Black "Campbell, Gary"]
[Result "0-1"]
[WhiteElo "1454"]
[BlackElo "1735"]
[PlyCount "68"]
[EventDate "2011.11.01"]
[EventType "swiss"]
[EventRounds "6"]
[EventCountry "CAN"]
[SourceTitle "EXT 2022"]
[Source "ChessBase"]
[SourceDate "2021.10.06"]
[SourceVersion "1"]
[SourceVersionDate "2021.10.06"]
[SourceQuality "1"]

1. e4 e6 2. d4 d5 3. Nc3 Nf6 4. Bg5 Be7 5. e5 Nfd7 6. Bxe7 Qxe7 7. Nf3 0-0 8. Ne2 c5 9. c3 Nc6 10. Ng3 cxd4 11. cxd4 f6 12. exf6 Nxf6 13. a3 Bd7 14. Bb5 Na5 15. Bxd7 Nxd7 16. 0-0 Nc4 17. Re1 h6 18. Qe2 Rf6 19. Nh5 Rg6 20. Nf4 Rf6 21. Nxe6 Re8 22. b3 Rxe6 23. Qxe6+ Qxe6 24. Rxe6 Rxe6 25. bxc4 dxc4 26. Kf1 b5 27. Re1 Kf7 28. Ne5+ Nxe5 29. Rxe5 Rxe5 30. dxe5 a5 31. Ke2 b4 32. axb4 axb4 33. Kd2 g5 34. g3 g4 0-1

[Event "Winnipeg TNT October"]
[Site "Winnipeg"]
[Date "2010.10.25"]
[Round "4"]
[White "Crawford, Gary"]
[Black "Leaden, Bruce"]
[Result "1-0"]
[WhiteElo "1444"]
[BlackElo "1463"]
[PlyCount "57"]
[EventDate "2011.10.04"]
[EventType "swiss"]
[EventRounds "4"]
[EventCountry "CAN"]
[SourceTitle "EXT 2023"]
[Source "ChessBase"]
[SourceDate "2022.10.05"]
[SourceVersion "1"]
[SourceVersionDate "2022.10.05"]
[SourceQuality "1"]

1. e4 c5 2. Nc3 g6 3. Nf3 Bg7 4. Bc4 e6 5. 0-0 Nc6 6. Re1 Nge7 7. a3 a6 8. d3 b5 9. Ba2 0-0 10. e5 Nf5 11. Bg5 Qc7 12. Bf6 Nfd4 13. Re4 Nxf3+ 14. Qxf3 Nd4 15. Rxd4 cxd4 16. Nxb5 axb5 17. Qxa8 Bb7 18. Qa7 Qc6 19. f3 Bxf6 20. exf6 e5 21. Qa5 Ra8 22. Qb4 Qxf6 23. Qxb5 Bc6 24. Qc5 Kg7 25. Bd5 Rb8 26. Bxc6 dxc6 27. b4 Qe6 28. a4 f5 29. Qa7+ 1-0

[Event "Winnipeg TNT June op"]
[Site "Winnipeg"]
[Date "2010.06.15"]
[Round "3"]
[White "Crawford, Gary"]
[Black "Milord, Frank"]
[Result "0-1"]
[WhiteElo "1456"]
[BlackElo "1638"]
[PlyCount "42"]
[EventDate "2010.06.01"]
[EventType "swiss"]
[EventRounds "5"]
[EventCountry "CAN"]
[SourceTitle "EXT 2022"]
[Source "ChessBase"]
[SourceDate "2021.10.06"]
[SourceVersion "1"]
[SourceVersionDate "2021.10.06"]
[SourceQuality "1"]

1. d4 Nf6 2. c4 e6 3. Nc3 Bb4 4. e3 0-0 5. Bd3 b6 6. Nf3 Bb7 7. 0-0 d5 8. cxd5 exd5 9. Qb3 Bxc3 10. bxc3 Nbd7 11. c4 c5 12. Ba3 Rc8 13. Rfd1 Qc7 14. Rac1 Qb8 15. Bf5 dxc4 16. Rxc4 Bd5 17. Rdc1 b5 18. Bxc5 Bxc4 19. Qa3 Rfe8 20. Nd2 Be6 21. Bd3 Nxc5 0-1

[Event "Yanofsky Memorial op U1800"]
[Site "Winnipeg"]
[Date "2009.09.06"]
[Round "4"]
[White "Crawford, Gary"]
[Black "Gannon, Keith"]
[Result "0-1"]
[WhiteElo "1439"]
[BlackElo "1570"]
[PlyCount "107"]
[EventDate "2009.09.04"]
[EventType "swiss"]
[EventRounds "5"]
[EventCountry "CAN"]
[SourceTitle "EXT 2011"]
[Source "ChessBase"]
[SourceDate "2010.11.26"]
[SourceVersion "1"]
[SourceVersionDate "2010.11.26"]
[SourceQuality "1"]

1. e4 e5 2. Nf3 d6 3. Nc3 Nf6 4. h3 Be7 5. d4 exd4 6. Nxd4 a6 7. Bd3 0-0 8. 0-0 Bd7 9. b3 Re8 10. Bb2 Nc6 11. Nf3 Ne5 12. Nxe5 dxe5 13. Nd5 Bd6 14. Nxf6+ Qxf6 15. f4 Qe7 16. f5 f6 17. Qg4 Bc5+ 18. Kh1 b5 19. c4 c6 20. h4 Red8 21. Rad1 Be8 22. h5 h6 23. Bc1 Kh8 24. Rf3 b4 25. Rg3 Qf8 26. Qf3 Ra7 27. Be3 Bxe3 28. Qxe3 Rd4 29. Qe2 c5 30. Rh3 a5 31. g4 a4 32. Qf1 axb3 33. axb3 Ra3 34. Bc2 Qd6 35. Ra1 Qa6 36. Rd1 Rxd1 37. Bxd1 Ra1 38. Rd3 Kh7 39. Qf3 Bc6 40. Kh2 Ra2+ 41. Kg3 Qb7 42. Re3 Rd2 43. Qh1 Qd7 44. Bf3 Qd4 45. Qe1 Kg8 46. Kh3 Kf7 47. Kg3 Ra2 48. Re2 Ra1 49. Qd2 Rg1+ 50. Kh2 Rd1 51. Qc2 Qg1+ 52. Kh3 Rf1 53. Bg2 Rc1 54. Qd3 0-1

[Event "Winnipeg TNT August op"]
[Site "Winnipeg"]
[Date "2009.08.25"]
[Round "4"]
[White "Milord, Frank"]
[Black "Crawford, Gary"]
[Result "0-1"]
[WhiteElo "1647"]
[BlackElo "1385"]
[PlyCount "66"]
[EventDate "2009.08.04"]
[EventType "swiss"]
[EventRounds "4"]
[EventCountry "CAN"]
[SourceTitle "EXT 2011"]
[Source "ChessBase"]
[SourceDate "2010.11.26"]
[SourceVersion "1"]
[SourceVersionDate "2010.11.26"]
[SourceQuality "1"]

1. e4 c5 2. Nf3 d6 3. d4 cxd4 4. Nxd4 Nf6 5. Nc3 a6 6. Be3 e5 7. Nf3 Qc7 8. Be2 Be7 9. h3 Be6 10. 0-0 Nbd7 11. Nd5 Nxd5 12. exd5 Bf5 13. c4 0-0 14. Rc1 h6 15. b4 Rfc8 16. g4 Bg6 17. Nd2 a5 18. a3 Qd8 19. Nf3 e4 20. Nd4 Bg5 21. Qd2 Bxe3 22. Qxe3 axb4 23. axb4 Ne5 24. f4 exf3 25. Nxf3 Qe8 26. Nxe5 f6 27. Bd3 Bxd3 28. Qxd3 fxe5 29. Ra1 Rxa1 30. Rxa1 e4 31. Qe2 Qe5 32. Rd1 Qg3+ 33. Kf1 Rf8+ 0-1

[Event "Winnipeg Mike Shpan Memorial"]
[Site "Winnipeg"]
[Date "2008.12.09"]
[Round "5"]
[White "Trueman, Francis"]
[Black "Crawford, Gary"]
[Result "1-0"]
[WhiteElo "1506"]
[BlackElo "1321"]
[PlyCount "96"]
[EventDate "2008.11.04"]
[EventType "tourn"]
[EventRounds "7"]
[EventCountry "CAN"]
[SourceTitle "EXT 2011"]
[Source "ChessBase"]
[SourceDate "2010.11.26"]
[SourceVersion "1"]
[SourceVersionDate "2010.11.26"]
[SourceQuality "1"]

1. Nf3 Nf6 2. d3 d5 3. Nbd2 e6 4. g3 b6 5. Bg2 Bb7 6. 0-0 Be7 7. Re1 0-0 8. e4 dxe4 9. dxe4 Nbd7 10. Qe2 e5 11. h4 a5 12. Nh2 Ba6 13. Qd1 Re8 14. Ndf1 Nc5 15. Nd2 Qd7 16. g4 h6 17. Kh1 Rad8 18. Qf3 Nh7 19. Qg3 Bf6 20. Ndf3 g5 21. b3 Qe7 22. h5 Ne6 23. Nxe5 Qb4 24. Bb2 Nd4 25. c3 Bxe5 26. Qh3 Qc5 27. cxd4 Bxd4 28. Rac1 Qe7 29. Bxd4 Rxd4 30. Qe3 Rd3 31. Qe2 Red8 32. e5 Bc8 33. Be4 Rd2 34. Qf3 Rxa2 35. Kg2 Rad2 36. Qc3 c5 37. Nf3 R2d7 38. Bf5 Rc7 39. Be4 Nf8 40. Bf5 Ne6 41. Kg3 Nf4 42. Re3 Bxf5 43. gxf5 Rd5 44. Kh2 Rcd7 45. e6 fxe6 46. Ne5 exf5 47. Nxd7 Qxd7 48. Qf6 Qd6 1-0

[Event "Winnipeg TNT February op"]
[Site "Winnipeg"]
[Date "2008.02.12"]
[Round "2"]
[White "Crawford, Gary"]
[Black "Campbell, Gary"]
[Result "0-1"]
[WhiteElo "1326"]
[BlackElo "1637"]
[PlyCount "61"]
[EventDate "2008.02.05"]
[EventType "swiss"]
[EventRounds "4"]
[EventCountry "CAN"]
[SourceTitle "EXT 2011"]
[Source "ChessBase"]
[SourceDate "2010.11.26"]
[SourceVersion "1"]
[SourceVersionDate "2010.11.26"]
[SourceQuality "1"]

1. e4 c5 2. Nf3 Nc6 3. c3 d5 4. e5 Bg4 5. d4 e6 6. Be2 Bxf3 7. Bxf3 cxd4 8. cxd4 Qb6 9. 0-0 Qxd4 10. Qxd4 Nxd4 11. Bd1 Ne7 12. Be3 Ndc6 13. f4 Nf5 14. Bd2 Bc5+ 15. Kh1 Be3 16. Rf3 Bxd2 17. Nxd2 Rc8 18. Rc3 0-0 19. Rac1 Nce7 20. Rc7 Rxc7 21. Rxc7 Rc8 22. Rd7 Ng6 23. Nb3 Ne3 24. Bh5 Rc2 25. g3 Rxb2 26. h4 Nf1 27. Bxg6 hxg6 28. g4 Ne3 29. f5 gxf5 30. gxf5 Nxf5 31. h5 0-1

[Event "Winnipeg February Sect-C"]
[Site "Winnipeg"]
[Date "2008.02.10"]
[Round "5"]
[White "Crawford, Gary"]
[Black "Magnusson, Saul"]
[Result "1-0"]
[WhiteElo "1326"]
[BlackElo "1485"]
[PlyCount "107"]
[EventDate "2008.02.10"]
[EventType "swiss"]
[EventRounds "5"]
[EventCountry "CAN"]
[SourceTitle "EXT 2019"]
[Source "ChessBase"]
[SourceDate "2018.10.10"]
[SourceVersion "1"]
[SourceVersionDate "2018.10.10"]
[SourceQuality "1"]

1. e4 d5 2. exd5 Qxd5 3. Nc3 Qd6 4. d4 Nf6 5. h3 a6 6. Nf3 b5 7. Be3 Bb7 8. a3 Nbd7 9. Be2 e6 10. Na2 Nd5 11. Bd2 c5 12. dxc5 Nxc5 13. Nc3 Be7 14. Nxd5 Bxd5 15. 0-0 0-0 16. Rc1 Rad8 17. Bb4 Qb6 18. Qe1 Rfe8 19. Ba5 Qd6 20. Bxd8 Bxd8 21. b4 Ne4 22. c4 bxc4 23. Bxc4 Bc7 24. Bxa6 Ng5 25. Rxc7 Nxf3+ 26. gxf3 Qxc7 27. Be2 Ra8 28. Qc1 Qe5 29. Re1 Qh5 30. Kg2 Qg6+ 31. Kh2 Qf5 32. Qe3 e5 33. Bd3 Qf4+ 34. Qxf4 exf4 35. Be4 Bxe4 36. fxe4 Rxa3 37. Rb1 Ra6 38. b5 Rb6 39. h4 h6 40. Kh3 g5 41. hxg5 hxg5 42. Kg4 f6 43. Kf5 Kf7 44. e5 fxe5 45. Kxe5 Kg6 46. Kd5 g4 47. Kc5 Rb8 48. Rb2 Kf5 49. b6 Ke6 50. b7 g3 51. fxg3 fxg3 52. Kb6 Rg8 53. Rg2 Rg4 54. b8Q 1-0

[Event "Winnipeg February Sect-C"]
[Site "Winnipeg"]
[Date "2008.02.09"]
[Round "3"]
[White "Swift, Ryne"]
[Black "Crawford, Gary"]
[Result "1-0"]
[WhiteElo "1215"]
[BlackElo "1326"]
[PlyCount "95"]
[EventDate "2008.02.10"]
[EventType "swiss"]
[EventRounds "5"]
[EventCountry "CAN"]
[SourceTitle "EXT 2019"]
[Source "ChessBase"]
[SourceDate "2018.10.10"]
[SourceVersion "1"]
[SourceVersionDate "2018.10.10"]
[SourceQuality "1"]

1. e4 c5 2. Nf3 d6 3. d4 cxd4 4. Nxd4 Nf6 5. Nc3 a6 6. Be3 e6 7. f3 Be7 8. Qd2 0-0 9. 0-0-0 Qc7 10. g4 Nc6 11. Qf2 Nxd4 12. Bxd4 e5 13. Be3 Be6 14. Kb1 Rfd8 15. Bb6 Qd7 16. Bxd8 Rxd8 17. Be2 b5 18. Bd3 b4 19. Ne2 Qa4 20. b3 Qc6 21. Qa7 Rc8 22. Qe3 a5 23. Qc1 a4 24. Rd2 Nd7 25. h4 Nc5 26. Qb2 Nxd3 27. Rxd3 a3 28. Qc1 d5 29. Ng3 dxe4 30. Nxe4 Bd5 31. Qe1 Bxe4 32. fxe4 Qf6 33. Qf1 Qg6 34. Rd7 Bf8 35. Qe1 Qxg4 36. Rd3 Qg2 37. Rd2 Qg4 38. Rg1 Qe6 39. Qg3 Rc3 40. Rd3 Rc5 41. Rd8 Qf6 42. Qg5 Qxg5 43. Rxg5 f6 44. Rg3 Rb5 45. c4 bxc3 46. Rxc3 Rb4 47. Ra8 Rxe4 48. Rcc8 1-0

[Event "Winnipeg Kent Oliver Memorial"]
[Site "Winnipeg"]
[Date "2008.01.12"]
[Round "3"]
[White "Letain, Cory"]
[Black "Crawford, Gary"]
[Result "1-0"]
[WhiteElo "1362"]
[BlackElo "1336"]
[PlyCount "127"]
[EventDate "2008.01.11"]
[EventType "swiss"]
[EventRounds "5"]
[EventCountry "CAN"]
[SourceTitle "EXT 2011"]
[Source "ChessBase"]
[SourceDate "2010.11.26"]
[SourceVersion "1"]
[SourceVersionDate "2010.11.26"]
[SourceQuality "1"]

1. d4 d5 2. c4 c6 3. Nf3 dxc4 4. e4 Nf6 5. Nc3 b5 6. Qc2 g6 7. g3 Bg7 8. Bg2 0-0 9. Bf4 Bb7 10. a3 Nbd7 11. 0-0 Nb6 12. Rad1 e6 13. Rfe1 Nh5 14. Be3 Qe7 15. e5 Bh8 16. g4 Ng7 17. Ne4 Ne8 18. Bh6 Bg7 19. Qd2 Nd5 20. Bg5 Qd7 21. Nc5 Qc8 22. Nh4 Nec7 23. Bxd5 cxd5 24. Bf6 a5 25. Qf4 Na6 26. Nxa6 Rxa6 27. Bxg7 Kxg7 28. Qf6+ Kg8 29. Re3 Qd8 30. g5 Qxf6 31. gxf6 b4 32. f4 Rc8 33. Ng2 c3 34. bxc3 Rxc3 35. Rxc3 bxc3 36. Ne3 Rb6 37. Kf2 Ba6 38. f5 Rb2+ 39. Kg3 c2 40. Nxc2 Rxc2 41. Rb1 Rc8 42. Rb6 gxf5 43. Rxa6 h5 44. Rxa5 Rc4 45. Ra8+ Kh7 46. Rf8 Rc7 47. a4 Ra7 48. Kh4 Rb7 49. Kxh5 f4 50. Kg4 f3 51. Kxf3 Kg6 52. Rg8+ Kf5 53. h4 Rb3+ 54. Kg2 Rb2+ 55. Kh3 Rb3+ 56. Rg3 Rb4 57. h5 Rxa4 58. h6 Ra8 59. Kh4 Rh8 60. Kh5 Ke4 61. Rg4+ Kd3 62. Rg7 Rf8 63. h7 Kxd4 64. Rg8 1-0

[Event "Winnipeg Yanofsky Memorial U1800"]
[Site "Winnipeg"]
[Date "2007.09.02"]
[Round "4"]
[White "Crawford, Gary"]
[Black "Trueman, Francis"]
[Result "0-1"]
[WhiteElo "1282"]
[BlackElo "1533"]
[PlyCount "59"]
[EventDate "2007.08.31"]
[EventType "swiss"]
[EventRounds "5"]
[EventCountry "CAN"]
[SourceTitle "EXT 2022"]
[Source "ChessBase"]
[SourceDate "2021.10.06"]
[SourceVersion "1"]
[SourceVersionDate "2021.10.06"]
[SourceQuality "1"]

1. e4 d6 2. Nf3 Nf6 3. Nc3 g6 4. d4 Bg7 5. h3 0-0 6. Bc4 Nbd7 7. 0-0 e5 8. Bg5 c6 9. Qd2 Qc7 10. Bh6 b5 11. Bd3 Rb8 12. Ne2 exd4 13. Ng3 Nc5 14. Qg5 Nxd3 15. cxd3 c5 16. h4 Bxh6 17. Qxh6 Ng4 18. Qf4 f6 19. Rfe1 Ne5 20. Nxe5 dxe5 21. Qd2 c4 22. Rec1 Be6 23. Qc2 Rbc8 24. dxc4 Bxc4 25. Nf1 Qf7 26. a4 Rfd8 27. Ra3 Qe7 28. Nd2 d3 29. Rxd3 Bxd3 30. Qb3+ 0-1

[Event "Winnipeg Yanofsky Memorial U1800"]
[Site "Winnipeg"]
[Date "2007.09.01"]
[Round "2"]
[White "Crawford, Gary"]
[Black "Sigurdson, Matthew"]
[Result "0-1"]
[WhiteElo "1282"]
[BlackElo "1363"]
[PlyCount "50"]
[EventDate "2007.08.31"]
[EventType "swiss"]
[EventRounds "5"]
[EventCountry "CAN"]
[SourceTitle "EXT 2022"]
[Source "ChessBase"]
[SourceDate "2021.10.06"]
[SourceVersion "1"]
[SourceVersionDate "2021.10.06"]
[SourceQuality "1"]

1. e4 e6 2. d4 d5 3. Nd2 c5 4. c3 Nc6 5. dxc5 Bxc5 6. exd5 Qxd5 7. Nb3 Bxf2+ 8. Ke2 Qxd1+ 9. Kxd1 Nf6 10. Ne2 0-0 11. Kc2 e5 12. g3 Rd8 13. Bd2 Bf5+ 14. Kc1 Rac8 15. Bg2 Nb4 16. Rf1 Nd3+ 17. Kd1 Nxb2+ 18. Kc1 Nd3+ 19. Kd1 e4 20. Nbd4 Bg6 21. Nc2 Bb6 22. h3 Nb2+ 23. Kc1 Nc4 24. Ned4 Nxd2 25. Kxd2 Ba5 0-1

[Event "Winnipeg TNT May op"]
[Site "Winnipeg"]
[Date "2007.05.15"]
[Round "3"]
[White "Crawford, Gary"]
[Black "Essery, Richard"]
[Result "0-1"]
[WhiteElo "1338"]
[BlackElo "1684"]
[PlyCount "58"]
[EventDate "2007.05.01"]
[EventType "swiss"]
[EventRounds "5"]
[EventCountry "CAN"]
[SourceTitle "EXT 2022"]
[Source "ChessBase"]
[SourceDate "2021.10.06"]
[SourceVersion "1"]
[SourceVersionDate "2021.10.06"]
[SourceQuality "1"]

1. e4 d5 2. exd5 Qxd5 3. Nc3 Qa5 4. d4 Nf6 5. Bd3 Bg4 6. Nf3 c6 7. h3 Bh5 8. Bd2 Qc7 9. Ne4 Nbd7 10. Ng3 Bg6 11. Bxg6 hxg6 12. Bg5 e6 13. Qe2 Bd6 14. Ne4 Nxe4 15. Qxe4 Nf6 16. Qd3 0-0-0 17. 0-0-0 Rh5 18. g4 Rxg5 19. Nxg5 Bf4+ 20. Kb1 Bxg5 21. h4 Bf4 22. g5 Nd5 23. Rh3 Qb6 24. Qf3 Qc7 25. Qe4 e5 26. Rf3 exd4 27. Rxd4 Be5 28. Ra4 Nb6 29. Rd3 Rxd3 0-1